000 00319nam a2200121Ia 4500
008 240731s9999 xx 000 0 und d
022 _a2050-473X
245 0 _aRestorative Justice : An International Journal
260 _bRoutledge
856 _uhttps://www.tandfonline.com/loi/rrej20
942 _2ddc
942 _cTFEJ
999 _c79235
_d79235
945 _a1
_bMadushi Gamage
_c1
_dMadushi Gamage